Statistics for June 3rd: Birthdays

Click here to take the quiz!

General Stats

  • This quiz has been taken 2 times
  • The average score is 4 of 13

Answer Stats

YearClueAnswer% Correct
1980Won 20 single Grand SlamsRafael Nadal
100%
1931President of CubaRaul Castro
100%
1926Author of HowlAllen Ginsburg
50%
1865King of the UKGeorge V
50%
1808Confederate PresidentJefferson Davis
50%
1925Actor in Some Like it HotTony Curtis
50%
1943Basketball Hall of FamerBilly Cunningham
0%
1829White Rajah of SarawakCharles Brooke
0%
1904Pioneered blood plasma researchCharles Drew
0%
1726Father of modern geologyJames Hutton
0%
1906Famous dancer/owner of the Folies-BergereJosephine Baker
0%
1974Artist of StereophonicsKelly Jones
0%
1770Created Argentina's flagManuel Belgrano
0%

Score Distribution

Percentile by Number Answered

Percent of People with Each Score

Your Score History

You have not taken this quiz